| 000 | 00390nam a2200133Ia 4500 | ||
|---|---|---|---|
| 008 | 220217s9999||||xx |||||||||||||| ||und|| | ||
| 020 | _a978-81-3121-983-6 | ||
| 082 | _a629.8 TOO | ||
| 100 |
_aTooley, Mike _96064 |
||
| 245 | 0 | _aPC based instrumentation and control | |
| 260 |
_aElsevier Academic press _bNew Delhi _c2009 |
||
| 300 |
_aXVI,496p.;28cm _b375 |
||
| 650 | _aCONTROL SYSTEM | ||
| 999 |
_c181142 _d181142 |
||